00911nam a2200181Ia 450000500170000000700030001700800410002002000150006105000220007608200210009810000320011924500650015125000180021626000320023430000350026650504130030165000150071420231102151509.0ta121101s9999 xx 000 0 und d a9681855620 aHF5437 bM47 2001 a658.5 M553c 199910aMercado H., Salvadoreautor10aComprasb: principios y aplicaciones c/ Salvador Mercado H. a3a. edición aMéxico : bLimusa,cc2001 a200 páginas :bil. ;c23 cm. aContenido: Presentación Prólogo 1. Antecedentes y generalidades de las compras 2. Planeación de las compras. 3. Organización del departamento de compras 4. Estrategias de compras 5. El procedimiento de compras 6. El control de las compras 7. Compras del sector público 8. Departamento o secciones que algunas veces de reportan a compras y en otras sólo lo auxilian Bibliografía de referencia 10a COMPRAS